000
00302nam a22001337a 4500
020
_a
978-81-264-2499-3
082
_a
823
_b
NAM/T
100
_a
NAMBIAR, APARNA
245
_a
THE EGGLESS CAKE & VINOO IS SHY
260
_a
KOTTAYA
_b
DC BOOKS
300
_a
21
650
_a
ENGLISH SHORT STORY
942
_c
BK
999
_c
3300
_d
3300